[Event "Krakow op-B 28th"]
[Site "Krakow"]
[Date "2018.01.04"]
[Round "9"]
[White "Barchuk, Irina"]
[Black "Kostanski, Marcin"]
[Result "1-0"]
[WhiteElo "2014"]
[BlackElo "1999"]
[PlyCount "73"]
[EventDate "2017.12.27"]
[EventType "swiss"]
[EventRounds "9"]
[EventCountry "POL"]
[SourceTitle "CBM 182 Extra"]
[Source "ChessBase"]
[SourceDate "2018.02.23"]
[SourceVersion "1"]
[SourceVersionDate "2018.02.23"]
[SourceQuality "1"]

1. e4 c5 2. Nf3 d6 3. d4 cxd4 4. Nxd4 Nf6 5. Nc3 a6 6. Be3 e6 7. Qd2 b5 8. f3 Bb7 9. g4 h6 10. 0-0-0 Nbd7 11. a3 Nb6 12. h4 Nfd7 13. Rg1 Rc8 14. g5 hxg5 15. hxg5 g6 16. f4 Nc5 17. f5 e5 18. fxg6 fxg6 19. Nf3 Nxe4 20. Nxe4 Bxe4 21. Bd3 Nc4 22. Qe2 Bf5 23. Kb1 Qc7 24. Bc1 Be7 25. b3 Qb7 26. Rde1 Rh3 27. Rgf1 Bg4 28. Bxg6+ Kd8 29. Be4 Qb6 30. Qg2 Be6 31. g6 Kc7 32. Ng5 Bxg5 33. Qxg5 Re8 34. Rf7+ Kc8 35. Bf5 Rh2 36. Bxe6+ Rxe6 37. g7 1-0

[Event "Krakow op-B 28th"]
[Site "Krakow"]
[Date "2017.12.30"]
[Round "5"]
[White "Janus, Przemyslaw"]
[Black "Kostanski, Marcin"]
[Result "1/2-1/2"]
[WhiteElo "2071"]
[BlackElo "1999"]
[PlyCount "64"]
[EventDate "2017.12.27"]
[EventType "swiss"]
[EventRounds "9"]
[EventCountry "POL"]
[SourceTitle "CBM 182 Extra"]
[Source "ChessBase"]
[SourceDate "2018.02.23"]
[SourceVersion "1"]
[SourceVersionDate "2018.02.23"]
[SourceQuality "1"]

1. d4 Nf6 2. c4 g6 3. Nc3 Bg7 4. e4 0-0 5. f3 d6 6. Be3 c5 7. Nge2 Qa5 8. Qd2 Nc6 9. Rd1 Qb4 10. Nd5 Nxd5 11. cxd5 Nxd4 12. Nxd4 Qxd2+ 13. Rxd2 cxd4 14. Bxd4 Bxd4 15. Rxd4 Bd7 16. Rb4 Rab8 17. Kd2 Rfc8 18. Bd3 Kf8 19. Rc1 Rxc1 20. Kxc1 Rc8+ 21. Kd2 Rc7 22. Rc4 Rxc4 23. Bxc4 f5 24. Ke3 Kf7 25. exf5 Bxf5 26. g4 Bd7 27. h4 h6 28. Ke4 Kf6 29. Kf4 g5+ 30. hxg5+ hxg5+ 31. Ke4 Be8 32. f4 Bd7 1/2-1/2

[Event "Rewal op-B 18th"]
[Site "Rewal"]
[Date "2013.08.21"]
[Round "2"]
[White "Kostanski, Marcin"]
[Black "Kozaczynska, Aleksandra"]
[Result "1-0"]
[WhiteElo "1930"]
[BlackElo "1584"]
[PlyCount "97"]
[EventDate "2013.08.20"]
[EventType "swiss"]
[EventRounds "9"]
[EventCountry "POL"]
[SourceTitle "CBM 156 Extra"]
[Source "ChessBase"]
[SourceDate "2013.10.22"]
[SourceVersion "1"]
[SourceVersionDate "2013.10.22"]
[SourceQuality "1"]

1. d4 Nf6 2. Nf3 g6 3. c4 Bg7 4. Nc3 d6 5. e4 0-0 6. Be2 e5 7. 0-0 Nc6 8. d5 Ne7 9. Ne1 Ne8 10. Be3 f5 11. f3 Nf6 12. c5 a6 13. Rc1 Bd7 14. Qb3 Qc8 15. Nd3 f4 16. Bf2 Ne8 17. cxd6 Nxd6 18. Na4 Bxa4 19. Qxa4 b5 20. Qc2 Ne8 21. Nc5 Rf6 22. Bh4 Rf7 23. Ne6 Qd7 24. Qb3 h6 25. Rc2 g5 26. Bf2 Rc8 27. Qa3 Ra8 28. Rfc1 c6 29. Nxg7 Kxg7 30. dxc6 Qe6 31. Bxb5 Qf6 32. c7 Nd6 33. Bc6 Rc8 34. Bd7 Nb5 35. Qb4 Nd5 36. exd5 Rxd7 37. a4 Rdxc7 38. Rxc7+ Rxc7 39. Rxc7+ Nxc7 40. Qb7 Qf7 41. d6 Ne6 42. Qxa6 Qd7 43. b4 Nd4 44. b5 Nf5 45. Bc5 Ne7 46. Qa7 Qxa7 47. Bxa7 Nc8 48. d7 Nxa7 49. d8Q 1-0

[Event "POL-chT U19 2nd League"]
[Site "Chelm Lubelski"]
[Date "2010.07.09"]
[Round "5"]
[White "Antoniewicz, Jakub"]
[Black "Kostanski, Marcin"]
[Result "1/2-1/2"]
[WhiteElo "1776"]
[BlackElo "1956"]
[PlyCount "61"]
[EventDate "2010.07.06"]
[EventType "team-tourn"]
[EventRounds "11"]
[EventCountry "POL"]
[SourceTitle "EXT 2011"]
[Source "ChessBase"]
[SourceDate "2010.11.26"]
[SourceVersion "1"]
[SourceVersionDate "2010.11.26"]
[SourceQuality "1"]
[WhiteTeam "Wroclaw MUKS MDK Fabryczna U19"]
[BlackTeam "Krosno KKSz Urania U19"]
[WhiteTeamCountry "POL"]
[BlackTeamCountry "POL"]

1. c4 Nf6 2. Nc3 g6 3. e4 d6 4. g3 Bg7 5. Bg2 0-0 6. Nge2 Nc6 7. 0-0 e5 8. d3 Be6 9. f4 Qd7 10. Nd5 exf4 11. Ndxf4 Ne5 12. h3 c6 13. Be3 h6 14. Qd2 g5 15. Nxe6 fxe6 16. Rac1 d5 17. Bd4 Ng6 18. Bxf6 Bxf6 19. cxd5 cxd5 20. exd5 Rad8 21. Qa5 b6 22. dxe6 Qxe6 23. Qd2 Ne5 24. d4 Nc4 25. Qd3 Qe3+ 26. Qxe3 Nxe3 27. Rf3 Nxg2 28. Kxg2 Bxd4 29. Nxd4 Rxd4 30. Rxf8+ Kxf8 31. Rc8+ 1/2-1/2

[Event "POL-ch U16"]
[Site "Leba"]
[Date "2008.04.05"]
[Round "10"]
[White "Kostanski, Marcin"]
[Black "Misztal, Piotr"]
[Result "0-1"]
[WhiteElo "1909"]
[BlackElo "1781"]
[PlyCount "78"]
[EventDate "2008.03.29"]
[EventType "swiss"]
[EventRounds "11"]
[EventCountry "POL"]
[SourceTitle "CBM 123 Extra"]
[Source "ChessBase"]
[SourceDate "2008.05.06"]
[SourceVersion "1"]
[SourceVersionDate "2008.05.06"]
[SourceQuality "1"]

1. d4 Nf6 2. c4 g6 3. Nc3 Bg7 4. e4 d6 5. Nf3 0-0 6. Be2 e5 7. 0-0 Nc6 8. d5 Ne7 9. Ne1 Nd7 10. Be3 f5 11. f3 f4 12. Bf2 g5 13. Nb5 b6 14. b4 a6 15. Nc3 Rf6 16. Nd3 Rh6 17. c5 Qe8 18. g4 fxg3 19. Bxg3 Ng6 20. cxd6 cxd6 21. Rc1 Nf4 22. Nf2 Nf6 23. Qd2 N6h5 24. Ng4 Rg6 25. Nd1 Nxe2+ 26. Qxe2 Nf4 27. Qc2 h5 28. Nge3 Bh3 29. Re1 Rc8 30. Nc3 h4 31. Bf2 g4 32. fxg4 Bxg4 33. Nxg4 Rxg4+ 34. Kh1 Rg2 35. Rg1 Qg6 36. Qd2 Rxc3 37. Rxc3 Qxe4 38. Rc8+ Bf8 39. Be3 Rg6+ 0-1

[Event "POL-ch U16"]
[Site "Leba"]
[Date "2008.04.04"]
[Round "9"]
[White "Kostanski, Marcin"]
[Black "Borowicz, Przemyslaw"]
[Result "0-1"]
[WhiteElo "1909"]
[BlackElo "1989"]
[PlyCount "108"]
[EventDate "2008.03.29"]
[EventType "swiss"]
[EventRounds "11"]
[EventCountry "POL"]
[SourceTitle "CBM 123 Extra"]
[Source "ChessBase"]
[SourceDate "2008.05.06"]
[SourceVersion "1"]
[SourceVersionDate "2008.05.06"]
[SourceQuality "1"]

1. d4 d5 2. Nf3 Nf6 3. c4 e6 4. Nc3 c6 5. e3 Bd6 6. Qc2 Nbd7 7. b3 0-0 8. Bd3 Qe7 9. Bb2 e5 10. cxd5 cxd5 11. dxe5 Nxe5 12. Nxe5 Bxe5 13. Ne2 Bd7 14. Bxe5 Qxe5 15. Rd1 Rac8 16. Qd2 Rfe8 17. h3 Bf5 18. Bxf5 Qxf5 19. Nd4 Qg5 20. 0-0 b6 21. Rc1 Ne4 22. Qd3 Rc5 23. Rc2 Rec8 24. Rfc1 Qh4 25. Nf5 Qg5 26. Nd4 h6 27. b4 Rxc2 28. Rxc2 Rxc2 29. Qxc2 Qe5 30. Qc6 Qd6 31. Qe8+ Qf8 32. Qa4 Qe7 33. Nc6 Qf6 34. Qc2 Nxf2 35. Nxa7 Ne4 36. Nb5 Qa1+ 37. Kh2 Qe5+ 38. Kg1 Ng3 39. Kf2 Nf5 40. Qd2 Qg3+ 41. Kg1 Nxe3 42. Nd4 Nc4 43. Qe2 Qc3 44. Nf5 Ne5 45. Qb5 Qc1+ 46. Qf1 Qg5 47. Nd6 Qe7 48. Nf5 Qxb4 49. Kh1 d4 50. Qc1 d3 51. Qc8+ Kh7 52. Qd8 Qe1+ 53. Kh2 d2 54. Ne7 Nf3+ 0-1

[Event "POL-ch U16"]
[Site "Leba"]
[Date "2008.04.02"]
[Round "6"]
[White "Kostanski, Marcin"]
[Black "Sabuk, Piotr"]
[Result "1-0"]
[WhiteElo "1909"]
[BlackElo "1996"]
[PlyCount "143"]
[EventDate "2008.03.29"]
[EventType "swiss"]
[EventRounds "11"]
[EventCountry "POL"]
[SourceTitle "CBM 123 Extra"]
[Source "ChessBase"]
[SourceDate "2008.05.06"]
[SourceVersion "1"]
[SourceVersionDate "2008.05.06"]
[SourceQuality "1"]

1. d4 Nf6 2. c4 c5 3. d5 e6 4. Nc3 exd5 5. cxd5 d6 6. Nf3 g6 7. e4 Bg7 8. Bd3 0-0 9. h3 a6 10. a4 Re8 11. 0-0 c4 12. Bc2 Nbd7 13. Re1 Rb8 14. Bf4 Qc7 15. Qd2 Ne5 16. Nxe5 dxe5 17. Be3 b5 18. axb5 axb5 19. Ra7 Qd6 20. Rea1 Nh5 21. R1a5 Bd7 22. R5a6 Qe7 23. d6 Qd8 24. Nd5 Nf4 25. Ne7+ Kf8 26. Qa5 Ne2+ 27. Kf1 Nd4 28. Bd1 Qxa5 29. Rxa5 Red8 30. Rc7 Be8 31. Ra6 Ra8 32. Rxa8 Rxa8 33. Rc8 Rxc8 34. Nxc8 b4 35. Nb6 Bb5 36. Ke1 Ke8 37. Nd5 Kd7 38. Nxb4 Kxd6 39. Kd2 f5 40. Kc3 fxe4 41. Nc2 Kd5 42. Nb4+ Kd6 43. Nc2 Ne6 44. Na3 Ba6 45. Nxc4+ Kc6 46. Be2 Bc8 47. b4 Nf4 48. Na5+ Kc7 49. Bc4 Nxg2 50. Bc5 Nf4 51. b5 Bb7 52. b6+ Kc8 53. Kb4 Nd5+ 54. Kb5 Nc3+ 55. Kb4 Nd5+ 56. Ka4 Nc3+ 57. Kb3 Nd1 58. Kc2 e3 59. Kxd1 Bf3+ 60. Ke1 exf2+ 61. Kxf2 Bh1 62. Ba6+ Kd7 63. b7 Bxb7 64. Bxb7 Ke6 65. Kf3 h5 66. Be3 Bf6 67. Bc8+ Kf7 68. Nc4 g5 69. Nd6+ Kg6 70. Bf5+ Kh6 71. Nf7+ Kg7 72. Nxg5 1-0

[Event "POL-ch U16"]
[Site "Leba"]
[Date "2008.04.02"]
[Round "7"]
[White "Witek, Tomasz"]
[Black "Kostanski, Marcin"]
[Result "1-0"]
[WhiteElo "2113"]
[BlackElo "1909"]
[PlyCount "61"]
[EventDate "2008.03.29"]
[EventType "swiss"]
[EventRounds "11"]
[EventCountry "POL"]
[SourceTitle "CBM 123 Extra"]
[Source "ChessBase"]
[SourceDate "2008.05.06"]
[SourceVersion "1"]
[SourceVersionDate "2008.05.06"]
[SourceQuality "1"]

1. d4 Nf6 2. c4 g6 3. Nc3 Bg7 4. Nf3 0-0 5. Bg5 d6 6. e3 Bf5 7. Be2 c5 8. d5 Na6 9. Nd2 Nc7 10. 0-0 Rb8 11. a4 h6 12. Bh4 a6 13. e4 Bd7 14. f4 Nfe8 15. Bg3 b5 16. axb5 axb5 17. e5 bxc4 18. Nxc4 Nb5 19. Nxb5 Bxb5 20. Na5 Nc7 21. Bxb5 Rxb5 22. Nc6 Qd7 23. Ra7 Ra8 24. Rxa8+ Nxa8 25. Bh4 Bf8 26. f5 gxf5 27. e6 fxe6 28. Qh5 exd5 29. Qg6+ Bg7 30. Nxe7+ Kh8 31. Qf7 1-0

[Event "POL-ch U16"]
[Site "Leba"]
[Date "2008.04.01"]
[Round "5"]
[White "Koziej, Maciej"]
[Black "Kostanski, Marcin"]
[Result "0-1"]
[WhiteElo "2010"]
[BlackElo "1909"]
[PlyCount "80"]
[EventDate "2008.03.29"]
[EventType "swiss"]
[EventRounds "11"]
[EventCountry "POL"]
[SourceTitle "CBM 123 Extra"]
[Source "ChessBase"]
[SourceDate "2008.05.06"]
[SourceVersion "1"]
[SourceVersionDate "2008.05.06"]
[SourceQuality "1"]

1. d4 Nf6 2. c4 g6 3. Nc3 Bg7 4. e4 d6 5. f4 0-0 6. Nf3 c5 7. dxc5 dxc5 8. Bd3 Nc6 9. e5 Ne8 10. Be3 b6 11. Be4 Bb7 12. 0-0 f5 13. Bd5+ Kh8 14. Ng5 Nc7 15. Qf3 Qe8 16. Qh3 h6 17. e6 Nd8 18. Nf7+ Kh7 19. Bxb7 Nxb7 20. Nd5 Nxd5 21. cxd5 Rxf7 22. exf7 Qxf7 23. Qf3 Bxb2 24. Rab1 Bf6 25. Rfd1 Nd6 26. Rbc1 Rd8 27. Bf2 Ne4 28. Qa3 Rxd5 29. Rxd5 Qxd5 30. Qb3 Qxb3 31. axb3 Nd2 32. Rd1 Nxb3 33. Rd7 c4 34. Rxa7 c3 35. Rc7 b5 36. Kf1 Nd2+ 37. Ke2 b4 38. Be3 b3 39. Rb7 b2 40. Bxd2 c2 0-1

[Event "POL-ch U16"]
[Site "Leba"]
[Date "2008.03.30"]
[Round "2"]
[White "Kostanski, Marcin"]
[Black "Obrusnik, Michal"]
[Result "1-0"]
[WhiteElo "1909"]
[BlackElo "2029"]
[PlyCount "65"]
[EventDate "2008.03.29"]
[EventType "swiss"]
[EventRounds "11"]
[EventCountry "POL"]
[SourceTitle "CBM 123 Extra"]
[Source "ChessBase"]
[SourceDate "2008.05.06"]
[SourceVersion "1"]
[SourceVersionDate "2008.05.06"]
[SourceQuality "1"]

1. d4 d5 2. c4 c6 3. Nc3 Nf6 4. e3 e6 5. Nf3 Nbd7 6. Qc2 Bd6 7. b3 0-0 8. Bb2 dxc4 9. Bxc4 e5 10. 0-0 exd4 11. Nxd4 Ne5 12. Be2 Nfg4 13. h3 Nh6 14. Rfd1 Qe7 15. Ne4 Ba3 16. Bxa3 Qxa3 17. Ng5 Ng6 18. Qe4 Qe7 19. Qxe7 Nxe7 20. g4 g6 21. Rd2 Kg7 22. Rad1 Nhg8 23. Ne4 Nf6 24. Nxf6 Kxf6 25. Nf3 Be6 26. Bc4 Bd5 27. Kg2 Rfe8 28. Kg3 g5 29. Nd4 Rad8 30. Bd3 Ng6 31. Bxg6 hxg6 32. Ne2 Ke6 33. e4 1-0

[Event "POL-ch U16"]
[Site "Leba"]
[Date "2008.03.29"]
[Round "1"]
[White "Bebel, Arkadiusz"]
[Black "Kostanski, Marcin"]
[Result "1/2-1/2"]
[WhiteElo "2152"]
[BlackElo "1909"]
[PlyCount "109"]
[EventDate "2008.03.29"]
[EventType "swiss"]
[EventRounds "11"]
[EventCountry "POL"]
[SourceTitle "CBM 123 Extra"]
[Source "ChessBase"]
[SourceDate "2008.05.06"]
[SourceVersion "1"]
[SourceVersionDate "2008.05.06"]
[SourceQuality "1"]

1. e4 c5 2. c3 Nf6 3. e5 Nd5 4. Nf3 Nc6 5. d4 cxd4 6. Bc4 Nb6 7. Bb3 d5 8. exd6 Qxd6 9. 0-0 Bf5 10. cxd4 Rd8 11. Nc3 e6 12. Nb5 Qd7 13. Bf4 Be7 14. d5 Nxd5 15. Bxd5 exd5 16. Nc7+ Kf8 17. Qb3 Na5 18. Qc3 Nc4 19. Rad1 Be4 20. Rfe1 Bxf3 21. Qxf3 Nb6 22. Bg3 Kg8 23. Qe3 Bb4 24. Re2 h5 25. a3 Bf8 26. Bf4 Rc8 27. Qe5 f6 28. Qe6+ Qxe6 29. Nxe6 Kf7 30. Bc7 Na8 31. Rxd5 Nxc7 32. Rd7+ Kg6 33. Rxc7 Rxc7 34. Nxc7 Bd6 35. Nb5 Rc8 36. g3 Bb8 37. Rd2 a6 38. Nd4 Rc7 39. Re2 Ba7 40. Ne6 Rc8 41. Kg2 Kh6 42. h4 g5 43. hxg5+ fxg5 44. Rd2 Kg6 45. Kf3 Rc6 46. Nf8+ Kf7 47. Nd7 Ke6 48. Nf8+ Kf7 49. Nh7 Kg6 50. Rd7 g4+ 51. Ke4 Bxf2 52. Nf8+ Kf6 53. Nh7+ Kg6 54. Nf8+ Kf6 55. Nh7+ 1/2-1/2

[Event "POL-ch sf"]
[Site "Chotowa"]
[Date "2007.11.05"]
[Round "3"]
[White "Lis, Marek"]
[Black "Kostanski, Marcin"]
[Result "1-0"]
[WhiteElo "1991"]
[BlackElo "1856"]
[PlyCount "65"]
[EventDate "2007.11.03"]
[EventType "swiss"]
[EventRounds "9"]
[EventCountry "POL"]
[SourceTitle "EXT 2010"]
[Source "ChessBase"]
[SourceDate "2010.11.25"]
[SourceVersion "1"]
[SourceVersionDate "2010.11.25"]
[SourceQuality "1"]

1. e4 c5 2. Nf3 d6 3. d4 cxd4 4. Qxd4 Nc6 5. Bb5 Bd7 6. Bxc6 Bxc6 7. Nc3 Nf6 8. Bg5 e6 9. 0-0-0 Be7 10. h4 0-0 11. Qd3 Qc7 12. Nd4 a6 13. f4 Rfd8 14. Bxf6 Bxf6 15. g4 b5 16. g5 Be7 17. Kb1 b4 18. Nce2 d5 19. e5 Bb5 20. Nxb5 axb5 21. Qxb5 Rdb8 22. Qd3 Qa7 23. Nc1 Rc8 24. h5 Rc4 25. Rdf1 Rac8 26. g6 fxg6 27. hxg6 h6 28. f5 Rc3 29. Qd1 Rxc2 30. Nb3 Qe3 31. Qd4 Qe2 32. f6 R8c4 33. fxe7 1-0